KOHA-Header-6

Succeeding with Objects (Decision Frameworks for Project Management) (Record no. 6070)

000 -LEADER
fixed length control field 00407nam a2200157Ia 4500
003 - CONTROL NUMBER IDENTIFIER
control field OSt
005 - DATE AND TIME OF LATEST TRANSACTION
control field 20190928171053.0
008 - FIXED-LENGTH DATA ELEMENTS--GENERAL INFORMATION
fixed length control field 190906s9999||||xx |||||||||||||| ||und||
020 ## - INTERNATIONAL STANDARD BOOK NUMBER
International Standard Book Number 978-0201628784
040 ## - CATALOGING SOURCE
Transcribing agency maju
100 ## - MAIN ENTRY--PERSONAL NAME
Personal name Kenneth S. Rubin
245 #0 - TITLE STATEMENT
Title Succeeding with Objects (Decision Frameworks for Project Management)
260 ## - PUBLICATION, DISTRIBUTION, ETC. (IMPRINT)
Place of publication, distribution, etc USA
Name of publisher, distributor, etc Famous Books
Date of publication, distribution, etc 1995
300 ## - PHYSICAL DESCRIPTION
Extent 251
942 ## - ADDED ENTRY ELEMENTS (KOHA)
Koha item type Books
Source of classification or shelving scheme
Holdings
Withdrawn status Lost status Source of classification or shelving scheme Damaged status Not for loan Collection code Permanent Location Current Location Shelving location Date acquired Full call number Barcode Date last seen Price effective from Koha item type
          English Literature MAJU MAJU Shelf No.A15 2019-09-06 910.9 510 2019-09-06 2019-09-06 English Literature

Powered by Koha